El hallazgo y el descubrimiento arqueológicos en la historia del arte / (Record no. 107444)

MARC details
000 -LEADER
campo de control de longitud fija 00829nam a2200205 i 4500
001 - NÚMERO DE CONTROL
campo de control 107444
003 - IDENTIFICADOR DE NÚMERO DE CONTROL
campo de control ES-MaACL
005 - FECHA Y HORA DE LA ÚLTIMA TRANSACCIÓN
campo de control 20250827063219.0
007 - CAMPO FIJO DE DESCRIPCIÓN FÍSICA--INFORMACIÓN GENERAL
campo de control de longitud fija t|
008 - DATOS DE LONGITUD FIJA--INFORMACIÓN GENERAL
campo de control de longitud fija 070117s1917 sp ||||1| spa d
100 1# - ENTRADA PRINCIPAL--NOMBRE DE PERSONA
Nombre de persona Gimeno, Amalio,
Fechas asociadas al nombre 1850-1936
9 (RLIN) 57076
245 13 - MENCIÓN DEL TÍTULO
Título El hallazgo y el descubrimiento arqueológicos en la historia del arte /
Mención de responsabilidad, etc. Discurso de recepción del... Sr. D. Amalio Gimeno... y contestación del... Sr. D. Amós Salvador.
260 ## - PUBLICACIÓN, DISTRIBUCIÓN, ETC.
Lugar de publicación, distribución, etc. Madrid :
Nombre del editor, distribuidor, etc. [s.n.,
Fecha de publicación, distribución, etc. 1917] (
Fabricante Impr. de Juan Pueyo)
300 ## - DESCRIPCIÓN FÍSICA
Extensión 64 p. ;
Dimensiones 27 cm.
500 ## - NOTA GENERAL
Nota general Precede al tit.: Real Academia de Bellas Artes de San Fernando.
700 1# - ENTRADA AGREGADA--NOMBRE PERSONAL
Nombre de persona Salvador y Rodrigáñez, Amós,
Fechas asociadas al nombre 1845-1922
9 (RLIN) 102102
710 2# - ENTRADA AGREGADA--NOMBRE DE ENTIDAD CORPORATIVA
Nombre de entidad corporativa o nombre de jurisdicción como elemento de entrada Real Academia de Bellas Artes de San Fernando.
9 (RLIN) 6291
852 ## - LOCALIZACIÓN
Ubicación ES-MaACL
Número de control de estantería Fol-Laf-185
Holdings
Estatus retirado Estado de pérdida Estado de daño No para préstamo Colección Biblioteca de origen Biblioteca actual Ubicación en estantería Fecha de adquisición Fuente de adquisición Total de préstamos Signatura topográfica completa Código de barras Visto por última vez Precio de reemplazo Tipo de ítem Koha
        Colección de folletos Biblioteca del Ateneo de Madrid Biblioteca del Ateneo de Madrid Depósito folletos 17/01/2008     Fol-Laf-185 1112134 23/02/2023 23/02/2023 Folleto